| 000 | 00853nam a2200229 a 4500 | ||
|---|---|---|---|
| 001 | BRCA_4466 | ||
| 005 | 20190320204700.0 | ||
| 008 | 070910s1974----mx-a######---#000-0#spa-# | ||
| 041 | _aspa | ||
| 044 | _amx | ||
| 050 | 4 |
_aF1386.6 _b.M37 1974 |
|
| 100 | 1 |
_aMartínez del Rio de Redo, Marita _92571 |
|
| 245 | 1 | 0 |
_aEl zócalo _breseña histórica y anecdótica de la Plaza Mayor de México de 1521 a 1871 _cMarita Martínez del Rio de Redo ; José Ignacio Echeagaray. |
| 260 |
_aMéxico _bSan Angel : Celanese Mexicana _c1974 |
||
| 300 |
_a101 p. _bil. (algunas a color) _c45 cm. |
||
| 500 | _aPor su formato NO se presta a domicilio | ||
| 504 | _aBibliografía: p. 97-99 | ||
| 610 | 2 | 4 |
_aPlaza de la Constitución _xHistoria _zCiudad de México _911321 |
| 651 | 4 |
_aMéxico _xHistoria _9614 |
|
| 700 | 1 |
_aEcheagaray, José Ignacio _95648 |
|
| 942 |
_2lcc _cB |
||
| 999 |
_c4172 _d4172 |
||